Los mitos platónicos
Zapisane w:
| 1. autor: | |
|---|---|
| Format: | Książka |
| Język: | Spanish |
| Wydane: |
Barcelona, España
Editorial Labor
1993
|
| Hasła przedmiotowe: | |
| Etykiety: |
Dodaj etykietę
Nie ma etykietki, Dołącz pierwszą etykiete!
|
MARC
| LEADER | 00000nam a22000007a 4500 | ||
|---|---|---|---|
| 008 | 181113b xxu||||| |||| 00| 0 spa d | ||
| 040 | |a cru BVZT | ||
| 090 | |a 291 D-2m | ||
| 100 | |a Droz, Geneviève | ||
| 245 | |a Los mitos platónicos |c Geneviève Droz | ||
| 260 | |a Barcelona, España |b Editorial Labor |c 1993 | ||
| 300 | |a 164 páginas | ||
| 650 | |a MITOLOGÍA |9 150 | ||
| 650 | |a MITOS PLATÓNICOS | ||
| 650 | |a LA CONDICIÓN HUMANA | ||
| 650 | |a LIBERACIÓN Y ASCENSIÓN ESPIRITUALES | ||
| 650 | |a EL DESTINO DE LAS ALMAS | ||
| 650 | |a EL DEVENIR DEL MUNDO | ||
| 650 | |a GIGES | ||
| 650 | |a LAS CIGARRAS | ||
| 650 | |a TEUTH | ||
| 999 | |c 30648 |d 30648 | ||
| 942 | |c SALA |h 291 D-2m |2 z | ||
